000 01029cam a22003011i 4500
001 c 62004189
003 DLC
005 20260227111034.0
008 030805s1955 cc a 000 0 chi
010 _ac 62004189
035 _a(CStRLIN)DCLP03-B11130
040 _aDLC-R
_cDLC-R
_dMH-HY
_dCStRLIN
_dDLC-R
_dDLC
041 0 _achilat
050 0 0 _aQK355
_b.C462 1958
066 _c$1
100 1 _6880-01
_aJia, Zuzhang.
245 1 0 _6880-02
_aZhongguo zhi wu tu jian /
_cJia Zuzhang, Jia Zushan he bian.
260 _6880-03
_aBeijing :
_bZhonghua shu ju,
_c1955
_g(1958 printing).
300 _a4, 4, 16, 1529, 62, 70 p. :
_bill. ;
_c20 cm.
546 _aIn Chinese, with nomenclature also in Latin.
500 _aColophon inserted.
650 0 _aBotany
_zChina.
700 1 _6880-04
_aJia, Zushan.
880 1 _6100-01/$1
_a賈祖璋.
880 1 0 _6245-02/$1
_a中國植物圖鑑 /
_c賈祖璋, 賈祖珊合編.
880 _6260-03/$1
_a北京 :
_b中華書局,
_c1955
_g(1958 printing).
880 1 _6700-04/$1
_a賈祖珊.
999 _c12802
_d12802